| 000 | 00496nam a2200193 a 4500 | ||
|---|---|---|---|
| 005 | 20210219152954.0 | ||
| 008 | 991125n 000 0 eng u | ||
| 035 | _aUPN01000069971 | ||
| 100 | _aMcLeod, Jack R. | ||
| 222 | _aSOCIAL EDUCATION | ||
| 245 | _aCreative writing in the social studies | ||
| 300 | _a398 | ||
| 362 | _a1992 56, no. 7 | ||
| 653 | 0 | _aESCRITURA CREATIVA | |
| 653 | 0 | _aESTUDIOS SOCIALES | |
| 653 | 0 | _aWRITING ASSIGNMENTS | |
| 904 |
_aAC _b007782 |
||
| 905 | _aArticulo | ||
| 999 |
_c65186 _d65186 |
||